Pets / (Record no. 1341)

MARC details
000 -LEADER
fixed length control field 00818cam a2200277 a 4500
005 - DATE AND TIME OF LATEST TRANSACTION
control field 20230907091808.0
020 ## - INTERNATIONAL STANDARD BOOK NUMBER
International Standard Book Number 9780762433384
040 ## - CATALOGING SOURCE
Original cataloging agency DLC
Transcribing agency DLC
Language of cataloging eng
Modifying agency FISKH
050 00 - LIBRARY OF CONGRESS CALL NUMBER
Classification number PZ8.3.R243
Item number Whe 2009
082 00 - DEWEY DECIMAL CLASSIFICATION NUMBER
Classification number [E]
Edition number 23
100 1# - MAIN ENTRY--PERSONAL NAME
Personal name Reasoner, Charles
245 14 - TITLE STATEMENT
Title Pets /
Statement of responsibility, etc. By Charles E. Reasoner.
260 ## - PUBLICATION, DISTRIBUTION, ETC.
Place of publication, distribution, etc. Greensboro :
Name of publisher, distributor, etc. Rourke Publishing,
Date of publication, distribution, etc. 2011
300 ## - PHYSICAL DESCRIPTION
Extent 8 unnumberd pages :
Other physical details color illustrations ;
Dimensions 18 cm
500 ## - GENERAL NOTE
General note Cover title
505 ## - FORMATTED CONTENTS NOTE
Formatted contents note A
520 ## - SUMMARY, ETC.
Summary, etc. On die-cut board pages of varying sizes and shapes to represent pets.
521 ## - TARGET AUDIENCE NOTE
Target audience note 20 <br/>
Source Lexile BR
521 ## - TARGET AUDIENCE NOTE
Target audience note A <br/>
Source Raz-Plus
650 #0 - SUBJECT ADDED ENTRY--TOPICAL TERM
Topical term or geographic name entry element Pets
Form subdivision Texts.
650 #0 - SUBJECT ADDED ENTRY--TOPICAL TERM
Topical term or geographic name entry element Board books.
650 #0 - SUBJECT ADDED ENTRY--TOPICAL TERM
Topical term or geographic name entry element Toy and movable books
Form subdivision Specimens.
906 ## - LOCAL DATA ELEMENT F, LDF (RLIN)
a 7
b cbc
c orignew
d 2
e ncip
f 20
g y-gencatlg
942 ## - ADDED ENTRY ELEMENTS (KOHA)
Source of classification or shelving scheme Dewey Decimal Classification
Koha item type Books
Suppress in OPAC No
999 ## -
-- 1341
-- 1341
Holdings
Withdrawn status Lost status Source of classification or shelving scheme Damaged status Not for loan Collection Home library Current library Shelving location Date acquired Total Checkouts Full call number Barcode Date last seen Date last checked out Price effective from Koha item type
    Dewey Decimal Classification     Reference Footprints International School Library Network Toul Kork Campus Footprints International School Library Network Toul Kork Campus TK Primary Library Room(4th Floor), Bookcase 7, Shelves 57-60, Dark Green Books 08/18/2023 5 REA 636 SF411.R43 FISTK02848 11/20/2025 10/23/2025 08/18/2023 Books